| 000 | 00702nam a22001937a 4500 | ||
|---|---|---|---|
| 999 |
_c57573 _d57573 |
||
| 005 | 20190719110203.0 | ||
| 008 | 111012t xxu||||| |||| 00| 0 eng d | ||
| 010 | _aENG-103959 | ||
| 020 | _c140.00 | ||
| 035 | _aEN-87492 | ||
| 037 | _bDBAD/PUB | ||
| 040 |
_aDPL _bEng |
||
| 082 | _a343.0553 | ||
| 245 |
_aThe Delhi excise act, 2009 (10 of 2010) (effective 4th October, 2010) with the Delhi excise rules, 2010 along with short notes _heng |
||
| 260 |
_aDelhi _bUniversal Law Publishing _c2011 |
||
| 270 |
_aC-FF-1A, Dilkhush Industrial Estate, (Opp. Hans Cinema, Azadpur) G.T. Karnal Road, _bDelhi _e110033 |
||
| 300 |
_ax,139,6p. _c24cm (pbk) |
||
| 942 |
_2ddc _cEN _h343.0553 _mDEL |
||